Quick Pick: Romeo and Juliet Deaths Quiz Stats

 Plays Quiz Updated May 22, 2019

Score 0/6 Timer 00:45
0 Plays Today
% Correct
Juliet
94.4%
Romeo
94.2%
Mercutio
79.6%
Tybalt
76.5%
Lady Montague
40.9%
Count Paris
39.3%

Today's Daily Dose

Missing Word
Banned Books (A-Z)

Word Ladder
Janis Joplin

Get the Picture
Occupations

You're not logged in!

Compare scores with friends on all Sporcle quizzes.
OR
Log In

Sporcle TV

Today on Sporcle TV


Watch our educational content, quiz creation guides, and fun videos on Sporcle TV.

Show Comments

Extras

Top Quizzes Today


Score Distribution

Your Account Isn't Verified!

In order to create a playlist on Sporcle, you need to verify the email address you used during registration. Go to your Sporcle Settings to finish the process.

Report this User

Report this user for behavior that violates our Community Guidelines.

Details: